Joueurs ayant gagné la coupe du monde- mort subite - Statistiques

Statistiques générales
  • Ce quiz a été pris 177 fois
    144 depuis la dernière actualisation
  • Le résultat moyen est 4 sur 10
Answers on the Grid
Answers color-coded by a green-red scale on the quiz's grid according to % correct below.
Steven Nzonzi
Roanldo Nazario
Paolo Maldini
Neymar JR
M. Ter Stegen
Adrien Rabiot
Steve Mandanda
Luca Toni
Mario Balotelli
Juan Mata
Florian Thauvin
Raí
Juninho Paulista
Alan Ball
Dimitri Payet
Maradona
 
Statistiques - réponses
Réponse % Correct
Florian Thauvin
68%
Maradona
67%
Steven Nzonzi
60%
Steve Mandanda
59%
Roanldo Nazario
49%
Luca Toni
33%
Juan Mata
26%
Juninho Paulista
21%
Raí
21%
Alan Ball
16%
Aucun quiz correspondant
Distribution des résultats
% des personnes avec chaque résultat
Percentile par nombre de réponses
Votre historique - résultats
Vous n’avez pas pris ce quiz depuis la dernière actualisation